000 00243nam a22000857a 4500
008 160628b xxu||||| |||| 00| 0 eng d
100 _91276
_a Shaida, B.S., et al
245 _aTeaching of Social Science
260 _aNew Delhi
_bArya Publication
_c2003
999 _c1044
_d1044